百輪走参加者 - Statistics

General Stats
  • This quiz has been taken 2 times
  • The average score is 12 of 100
Answer Stats
Answer % Correct
安心院 なじみ
100%
赤 青黄
50%
阿久根 高貴
50%
江迎 怒江
50%
喜界島 もがな
50%
希望が丘 水晶
50%
球磨川 禊
50%
黒神 くじら
50%
古賀 いたみ
50%
志布志 飛沫
50%
十二町 矢文
50%
不知火 半袖
50%
不知火 半纏
50%
不知火 半幅
50%
大刀洗 斬子
50%
長者原 融通
50%
名瀬 夭歌
50%
人吉 善吉
50%
人吉 瞳
50%
平戸ロイヤル
50%
行橋 未造
50%
鰐塚 処理
50%
秋月 漆
0%
有明 ありあ
0%
阿蘇 短冊
0%
飯塚 食人
0%
諫早 いさぎ
0%
糸島 軍規
0%
指宿 静寂
0%
伊万里 毬
0%
宇佐 驚斎
0%
牛深 柄春
0%
兎洞 武器子
0%
嬉野 然
0%
雲仙 冥加
0%
雲仙 冥利
0%
朳 理知戯
0%
鬼瀬 針音
0%
叶野 仮輝
0%
叶野 遂
0%
鹿屋 必修
0%
上峰 書子
0%
上無津呂 杖
0%
喜々津 嬉々
0%
久々原 滅私
0%
潜木 怪儡
0%
潜木 もぐら
0%
国東 歓楽
0%
黒神 舵樹
0%
黒神 鳩
0%
黒神 真黒
0%
寿 常套
0%
寿 蜃気郎
0%
児湯 灯
0%
獅子目 言彦
0%
城南 捌兵
0%
不知火 袴
0%
高千穂 仕種
0%
財部 依真
0%
種子島 率
0%
筑前 優鳥
0%
千々石 等星
0%
蝶ヶ崎 蛾々丸
0%
対馬 右脳
0%
対馬 左脳
0%
鶴喰 鴎
0%
鶴御崎 山海
0%
鳥栖 木曜
0%
虎居 砕
0%
中津 念義
0%
啝ノ浦 さなぎ
0%
鉈山 粍
0%
鍋島 猫美
0%
贄波 錯悟
0%
贄波 生煮
0%
直方 賢理
0%
野母崎 兜
0%
日之影 空洞
0%
百町 破魔矢
0%
日向 破瞬
0%
都城 王土
0%
椋枝 閾
0%
宗像 形
0%
廻栖野 うずめ
0%
米良 孤呑
0%
門司 真罅
0%
餅原 沙小枝
0%
桃園 幻実
0%
桃園 喪々
0%
屋久島 有無路
0%
八代 拳奈
0%
八女 菓石
0%
夕原 兆
0%
杠 かけがえ
0%
杠 偽造
0%
湯前 音眼
0%
湯布院 献景
0%
吉野ヶ里 卵殻
0%
与次郎 次葉
0%
呼子 笛
0%
No matching quizzes found
Score Distribution
Percent of People with Each Score
Percentile by Number Answered
Your Score History
You have not taken this quiz